Railroad construction, (Record no. 528268)
[ view plain ]
| 000 -LEADER | |
|---|---|
| fixed length control field | 00727cam a2200241u 4500 |
| 001 - CONTROL NUMBER | |
| control field | 7764589 |
| 003 - CONTROL NUMBER IDENTIFIER | |
| control field | NUST |
| 005 - DATE AND TIME OF LATEST TRANSACTION | |
| control field | 20190905064812.0 |
| 008 - FIXED-LENGTH DATA ELEMENTS--GENERAL INFORMATION | |
| fixed length control field | 830523s1913 nyua 000 0 eng |
| 010 ## - LIBRARY OF CONGRESS CONTROL NUMBER | |
| LC control number | 13001621 |
| 038 ## - RECORD CONTENT LICENSOR | |
| Staff Name | MSOHAIL |
| 040 ## - CATALOGING SOURCE | |
| Original cataloging agency | DLC |
| Transcribing agency | CarP |
| Modifying agency | DLC |
| 050 00 - LIBRARY OF CONGRESS CALL NUMBER | |
| Classification number | TF200 |
| Item number | .C9 |
| 082 ## - DEWEY DECIMAL CLASSIFICATION NUMBER | |
| Classification number | 625.1 |
| Author Mark | DOA |
| 100 1# - MAIN ENTRY--PERSONAL NAME | |
| Personal name | HQ, Dept of Army |
| 9 (RLIN) | 19979 |
| 245 00 - TITLE STATEMENT | |
| Title | Railroad construction, |
| 260 ## - PUBLICATION, DISTRIBUTION, ETC. | |
| Place of publication, distribution, etc. | New York [etc.] |
| Name of publisher, distributor, etc. | HQ, Dept of Army |
| Date of publication, distribution, etc. | 1970. |
| 300 ## - PHYSICAL DESCRIPTION | |
| Extent | viii, 370 p. |
| Other physical details | illus., tables. diagrs. |
| Dimensions | 24 cm. |
| 650 #0 - SUBJECT ADDED ENTRY--TOPICAL TERM | |
| Topical term or geographic name entry element | Railroads |
| General subdivision | Design and construction. |
| 9 (RLIN) | 19980 |
| 700 1# - ADDED ENTRY--PERSONAL NAME | |
| Personal name | Barnes, Fred Asa, [from old catalog] |
| Relator term | joint author. |
| 9 (RLIN) | 19981 |
| 906 ## - LOCAL DATA ELEMENT F, LDF (RLIN) | |
| a | 0 |
| b | cbc |
| c | premunv |
| d | u |
| e | ncip |
| f | 19 |
| g | y-gencatlg |
| 942 ## - ADDED ENTRY ELEMENTS (KOHA) | |
| Source of classification or shelving scheme | |
| Koha item type | Book |
| Withdrawn status | Lost status | Source of classification or shelving scheme | Damaged status | Not for loan | Permanent Location | Current Location | Date acquired | Total Checkouts | Full call number | Barcode | Date last seen | Price effective from | Koha item type |
|---|---|---|---|---|---|---|---|---|---|---|---|---|---|
| School of Civil and Environmental Engineering (SCEE) | School of Civil and Environmental Engineering (SCEE) | 09/05/2019 | 625.1 DOA | NIT-10323 | 09/05/2019 | 09/05/2019 | Book |
